|
|
|
|
| LEADER |
00000nam0a2200000 4500 |
| 001 |
197449 |
| 005 |
20231031183458.0 |
| 035 |
|
|
|a (RuTPU)RU\TPU\book\215381
|
| 090 |
|
|
|a 197449
|
| 100 |
|
|
|a 20110611d1990 k y0rusy50 ca
|
| 101 |
0 |
|
|a rus
|
| 102 |
|
|
|a RU
|
| 105 |
|
|
|a a z 001zy
|
| 200 |
1 |
|
|a Региональные и локальные аспекты экзогенного рельефообразования на Дальнем Востоке
|e сборник научных трудов
|f Академия наук СССР (АН СССР), Дальневосточное отделение (ДВО), Тихоокеанский институт географии ; под ред. Г. П. Скрыльника
|
| 210 |
|
|
|a Владивосток
|d 1990
|
| 215 |
|
|
|a 116 с.
|c ил.
|
| 320 |
|
|
|a Библиогр.: с. 109.
|
| 610 |
1 |
|
|a Дальний Восток
|
| 610 |
1 |
|
|a рельефообразование
|
| 610 |
1 |
|
|a экзогенные образования
|
| 610 |
1 |
|
|a региональные аспекты
|
| 610 |
1 |
|
|a локальные аспекты
|
| 610 |
1 |
|
|a геоморфология
|
| 610 |
1 |
|
|a исследования
|
| 610 |
1 |
|
|a районирование
|
| 675 |
|
|
|a 551.435.5
|v 3
|
| 702 |
|
1 |
|a Скрыльник
|b Г. П.
|4 340
|
| 712 |
0 |
2 |
|a Академия наук СССР (АН СССР)
|b Дальневосточное отделение (ДВО)
|b Тихоокеанский институт географии
|c Владивосток
|2 stltpush
|3 (RuTPU)RU\TPU\col\13731
|
| 801 |
|
1 |
|a RU
|b 63413507
|c 20110611
|
| 801 |
|
2 |
|a RU
|b 63413507
|c 20110615
|g RCR
|
| 942 |
|
|
|c BK
|